Las tempestades en la alta cordillera
Furkejuvvon:
| Váldodahkki: | |
|---|---|
| Materiálatiipa: | Girji |
| Giella: | espánnjágiella |
| Almmustuhtton: |
Santiago
Andina
1944
|
| Preanttus: | 1a. ed |
| Fáttát: | |
| Fáddágilkorat: |
Lasit fáddágilkoriid
Eai fáddágilkorat, Lasit vuosttaš fáddágilkora!
|
MARC
| LEADER | 00000nam a2200000 a 4500 | ||
|---|---|---|---|
| 001 | UCJ4616 | ||
| 003 | CL-VaPUC | ||
| 008 | 070124e19440000CL |||||||||||||||||spa|d | ||
| 082 | 0 | 4 | |a 551 |b BAR |2 21 |
| 100 | 0 | |a Barrera V., Humberto |e author |9 508660 | |
| 245 | 1 | 4 | |a Las tempestades en la alta cordillera |
| 250 | |a 1a. ed | ||
| 300 | |a 11 p | ||
| 942 | |c BK | ||
| 945 | |d 20070124 00:00:00 |a rinostro | ||
| 260 | |a Santiago |b Andina |c 1944 | ||
| 500 | |a Empastado junto con otros folletos en un volumen rotulado Folletos Varios, 13; 918.3 LOO | ||
| 600 | 0 | 7 | |a CORDILLERA DE LOS ANDES |2 CL-VaPUC |9 357907 |
| 650 | 7 | |a METEOROLOGIA |2 CL-VaPUC |9 260030 | |
| 650 | 0 | |a Clima |9 265281 | |
| 583 | |a last modification |c 20131003 04:49:17 |k Rodrigo Vera | ||
| 999 | |c 320732 |d 320730 | ||
| 952 | |0 0 |1 0 |4 0 |6 551_000000000000000_BAR_1944 |7 0 |8 X |9 399315 |a FDOBUD |b FDOBUD |d 2019-11-22 |i 1022539 |o 551 BAR 1944 |p 1022539 |r 2019-11-22 |w 2019-11-22 |y BK_X |k BUD | ||